00883nam a2200277Ia 4500001000900000003000500009005001700014008004100031010001100072020001800083040000900101082001100110100003400121245010000155260003000255300001100285400003700296503000800333650003500341901001100376902000600387905006300393942001500456999001900471952011500490dia_2645CHAP20230531091141.0220117s2001 xx 000 0 und d a173164 a970-701-152-1 cCHAP a378 B3 aBarba Alvarez, Antonio910073 aUniversidad, Organización y Sociedad: Arreglos y Controversias /c por Antonio Barba Alvarez aMéxico :b UNAM,c2001 a196 p. a(PROBLEMAS EDUCATIVOS EN MEXICO) aC/e a1.Educación superior9148004 a378 B3 aM a0000002001 MX X 0000000000SPA00 cLIBRO2ddc c173164d173164 00102ddc40708GRALaIA_bIA_d2022-01-18f1l0o378 B3pdia_5594r2022-01-18 00:00:00t1w2022-01-18yLIBRO